00726nam a2200217 a 450000100060000000300080000600500170001400800410003103500190007203500110009104000320010204100080013408200250014210000250016724500900019226001180028230000200040049000230042050400310044365000340047441839BD-RjUL20211209053446.0160606s1966 vau b 000 0 eng  a(BD-RjUL)41957 a875851 aLCbengcLCdNUNd(BD-RjUL) aeng 223a342.42bMEH 19661 aMeador, Daniel John.10aHabeas corpus and Magna carta :bdualism of power and liberty /cDaniel John Meador,  aCharlottesville :bPublished for the Magna Carta Commission of Virginia [by] University Press of Virginia,cc1966 a83 p. ;c22 cm.0 aMagna carta essays aBibliographical footnotes. 0aHabeas corpuszUnited States.